[Event "April 9 Early 2024"]
[Site "Chess.com"]
[Date "2024.04.09"]
[Round "10"]
[White "Urazayev, Arystanbek"]
[Black "Shkapenko, Pavel"]
[Result "0-1"]
[Board "26"]
[WhiteFideId "13709810"]
[BlackFideId "4151933"]
[WhiteTitle "IM"]
[BlackTitle "IM"]
[WhiteElo "2881"]
[BlackElo "2699"]
[WhiteTeam "KAZ"]
[BlackTeam "FID"]
[WhiteClock "0:00:11"]
[BlackClock "0:00:23"]
[Variant "Standard"]

1. e4 {[%clk 0:02:21]}  e5 {[%clk 0:02:59]} 2. Nf3 {[%clk 0:02:21]}  Nc6 {[%clk 0:02:59]} 3. Bc4 {[%clk 0:02:22]}  d6 {[%clk 0:02:59]} 4. O-O {[%clk 0:02:17]}  Be7 {[%clk 0:02:59]} 5. d4 {[%clk 0:02:17]}  Nf6 {[%clk 0:02:59]} 6. Nc3 {[%clk 0:02:17]}  Bg4 {[%clk 0:02:57]} 7. dxe5 {[%clk 0:02:08]}  dxe5 {[%clk 0:02:56]} 8. Qxd8+ {[%clk 0:01:42]}  Rxd8 {[%clk 0:02:56]} 9. Ng5 {[%clk 0:01:42]}  O-O {[%clk 0:02:54]} 10. h3 {[%clk 0:01:43]}  Bc8 {[%clk 0:02:54]} 11. Nd5 {[%clk 0:01:39]}  Nxd5 {[%clk 0:02:53]} 12. Bxd5 {[%clk 0:01:40]}  Nd4 {[%clk 0:02:53]} 13. f4 {[%clk 0:01:14]}  exf4 {[%clk 0:02:48]} 14. Nf3 {[%clk 0:00:42]}  Nxc2 {[%clk 0:02:32]} 15. Rb1 {[%clk 0:00:42]}  Bc5+ {[%clk 0:02:32]} 16. Kh2 {[%clk 0:00:41]}  Ne3 {[%clk 0:02:33]} 17. Bxe3 {[%clk 0:00:42]}  Bxe3 {[%clk 0:02:33]} 18. Ne5 {[%clk 0:00:36]}  c6 {[%clk 0:02:27]} 19. Bb3 {[%clk 0:00:37]}  Rde8 {[%clk 0:02:21]} 20. Nc4 {[%clk 0:00:24]}  Rxe4 {[%clk 0:02:19]} 21. Rbe1 {[%clk 0:00:25]}  Re7 {[%clk 0:01:57]} 22. Kh1 {[%clk 0:00:18]}  Bc5 {[%clk 0:01:52]} 23. Rxe7 {[%clk 0:00:18]}  Bxe7 {[%clk 0:01:52]} 24. Rxf4 {[%clk 0:00:19]}  Be6 {[%clk 0:01:52]} 25. Na5 {[%clk 0:00:19]}  Bxb3 {[%clk 0:01:45]} 26. axb3 {[%clk 0:00:20]}  Rb8 {[%clk 0:01:42]} 27. Rd4 {[%clk 0:00:16]}  Rd8 {[%clk 0:01:04]} 28. Rxd8+ {[%clk 0:00:10]}  Bxd8 {[%clk 0:01:04]} 29. Nxb7 {[%clk 0:00:11]}  Bb6 {[%clk 0:01:05]} 30. g4 {[%clk 0:00:10]}  Kf8 {[%clk 0:01:04]} 31. Nd6 {[%clk 0:00:11]}  Ke7 {[%clk 0:01:05]} 32. Nf5+ {[%clk 0:00:10]}  Kf6 {[%clk 0:01:05]} 33. Kg2 {[%clk 0:00:11]}  g6 {[%clk 0:01:05]} 34. Nd6 {[%clk 0:00:07]}  Ke6 {[%clk 0:01:02]} 35. Ne4 {[%clk 0:00:07]}  h6 {[%clk 0:00:58]} 36. Kf3 {[%clk 0:00:06]}  f5 {[%clk 0:00:59]} 37. Nd2 {[%clk 0:00:07]}  Ke5 {[%clk 0:00:56]} 38. Nc4+ {[%clk 0:00:06]}  Kf6 {[%clk 0:00:51]} 39. Nd6 {[%clk 0:00:06]}  Ke6 {[%clk 0:00:49]} 40. Nc4 {[%clk 0:00:04]}  Bd4 {[%clk 0:00:48]} 41. Kf4 {[%clk 0:00:05]}  g5+ {[%clk 0:00:44]} 42. Kf3 {[%clk 0:00:05]}  fxg4+ {[%clk 0:00:42]} 43. hxg4 {[%clk 0:00:05]}  Kd5 {[%clk 0:00:42]} 44. Ke2 {[%clk 0:00:01]}  Ke4 {[%clk 0:00:41]} 45. Nd6+ {[%clk 0:00:02]}  Kf4 {[%clk 0:00:40]} 46. Nf5 {[%clk 0:00:03]}  Bxb2 {[%clk 0:00:37]} 47. Nxh6 {[%clk 0:00:03]}  Bg7 {[%clk 0:00:35]} 48. Nf5 {[%clk 0:00:04]}  Bf8 {[%clk 0:00:35]} 49. Ne3 {[%clk 0:00:04]}  Bc5 {[%clk 0:00:35]} 50. Nc4 {[%clk 0:00:04]}  Kxg4 {[%clk 0:00:28]} 51. Ne5+ {[%clk 0:00:04]}  Kh3 {[%clk 0:00:28]} 52. Kf3 {[%clk 0:00:04]}  Bb6 {[%clk 0:00:24]} 53. Nxc6 {[%clk 0:00:04]}  g4+ {[%clk 0:00:24]} 54. Ke2 {[%clk 0:00:04]}  g3 {[%clk 0:00:23]} 55. Ne5 {[%clk 0:00:04]}  g2 {[%clk 0:00:23]} 56. Nf3 {[%clk 0:00:05]}  g1=Q {[%clk 0:00:23]} 57. Nxg1+ {[%clk 0:00:05]}  Bxg1 {[%clk 0:00:23]} 58. Kd3 {[%clk 0:00:06]}  Bb6 {[%clk 0:00:24]} 59. Kc4 {[%clk 0:00:07]}  Kg4 {[%clk 0:00:25]} 60. Kb5 {[%clk 0:00:08]}  Kf5 {[%clk 0:00:25]} 61. Ka6 {[%clk 0:00:09]}  Ke4 {[%clk 0:00:25]} 62. b4 {[%clk 0:00:10]}  Kd4 {[%clk 0:00:25]} 63. Kb5 {[%clk 0:00:10]}  Kd5 {[%clk 0:00:25]} 64. Ka4 {[%clk 0:00:11]}  Kc4 {[%clk 0:00:25]} 65. Ka3 {[%clk 0:00:12]}  Bc7 {[%clk 0:00:24]} 66. Ka4 {[%clk 0:00:11]}  Bd8 {[%clk 0:00:23]} 67. b5 {[%clk 0:00:11]}  Bb6 {[%clk 0:00:22]} 68. Ka3 {[%clk 0:00:11]}  Kxb5 {[%clk 0:00:23]} 0-1

[Event "April 9 Early 2024"]
[Site "Chess.com"]
[Date "2024.04.09"]
[Round "10"]
[White "Ismagilov, Damir"]
[Black "Seo, Jung Min"]
[Result "0-1"]
[Board "27"]
[WhiteFideId "34199982"]
[BlackFideId "1734687"]
[WhiteTitle "CM"]
[BlackTitle "IM"]
[WhiteElo "2637"]
[BlackElo "2870"]
[WhiteTeam "RUS"]
[BlackTeam "SWE"]
[WhiteClock "0:00:03"]
[BlackClock "0:00:16"]
[Variant "Standard"]

1. d4 {[%clk 0:03:00]}  Nf6 {[%clk 0:03:00]} 2. c4 {[%clk 0:03:01]}  e6 {[%clk 0:03:00]} 3. Nc3 {[%clk 0:03:01]}  Bb4 {[%clk 0:02:59]} 4. e3 {[%clk 0:03:01]}  b6 {[%clk 0:03:00]} 5. Bd2 {[%clk 0:03:00]}  Bb7 {[%clk 0:03:00]} 6. Nf3 {[%clk 0:03:01]}  O-O {[%clk 0:02:59]} 7. Bd3 {[%clk 0:03:02]}  d5 {[%clk 0:02:59]} 8. cxd5 {[%clk 0:03:03]}  exd5 {[%clk 0:02:59]} 9. Rc1 {[%clk 0:03:03]}  Nbd7 {[%clk 0:02:59]} 10. O-O {[%clk 0:02:53]}  a6 {[%clk 0:02:58]} 11. Ne5 {[%clk 0:02:52]}  Bd6 {[%clk 0:02:45]} 12. f4 {[%clk 0:02:52]}  c5 {[%clk 0:02:42]} 13. Be1 {[%clk 0:02:53]}  cxd4 {[%clk 0:02:36]} 14. exd4 {[%clk 0:02:52]}  Ne4 {[%clk 0:02:36]} 15. Qf3 {[%clk 0:01:44]}  f5 {[%clk 0:02:09]} 16. Qh3 {[%clk 0:01:22]}  b5 {[%clk 0:01:49]} 17. Bh4 {[%clk 0:01:06]}  Ndf6 {[%clk 0:01:41]} 18. Ne2 {[%clk 0:00:54]}  g6 {[%clk 0:01:34]} 19. Kh1 {[%clk 0:00:53]}  Qe8 {[%clk 0:01:31]} 20. Rc2 {[%clk 0:00:51]}  Qe6 {[%clk 0:01:28]} 21. Rfc1 {[%clk 0:00:49]}  Ng4 {[%clk 0:01:27]} 22. Qf3 {[%clk 0:00:45]}  Rfc8 {[%clk 0:01:17]} 23. h3 {[%clk 0:00:44]}  Ngf6 {[%clk 0:01:17]} 24. Qf1 {[%clk 0:00:32]}  Nh5 {[%clk 0:01:05]} 25. Qf3 {[%clk 0:00:16]}  Ng7 {[%clk 0:01:04]} 26. Qe3 {[%clk 0:00:12]}  Ne8 {[%clk 0:00:59]} 27. Rxc8 {[%clk 0:00:11]}  Rxc8 {[%clk 0:00:59]} 28. Rxc8 {[%clk 0:00:11]}  Qxc8 {[%clk 0:00:59]} 29. Qc1 {[%clk 0:00:12]}  Qxc1+ {[%clk 0:00:57]} 30. Nxc1 {[%clk 0:00:13]}  Bc7 {[%clk 0:00:47]} 31. Be1 {[%clk 0:00:13]}  Bb6 {[%clk 0:00:46]} 32. Nb3 {[%clk 0:00:11]}  Nc7 {[%clk 0:00:44]} 33. Ba5 {[%clk 0:00:08]}  Bxa5 {[%clk 0:00:44]} 34. Nxa5 {[%clk 0:00:09]}  Bc8 {[%clk 0:00:42]} 35. Kh2 {[%clk 0:00:07]}  Kg7 {[%clk 0:00:41]} 36. g3 {[%clk 0:00:06]}  Nd6 {[%clk 0:00:39]} 37. Kg2 {[%clk 0:00:05]}  Nc4 {[%clk 0:00:38]} 38. Naxc4 {[%clk 0:00:03]}  dxc4 {[%clk 0:00:39]} 39. Be2 {[%clk 0:00:03]}  Kf6 {[%clk 0:00:37]} 40. Bf3 {[%clk 0:00:03]}  Ke6 {[%clk 0:00:37]} 41. Bc6 {[%clk 0:00:02]}  Kd6 {[%clk 0:00:36]} 42. Kf3 {[%clk 0:00:02]}  Nd5 {[%clk 0:00:30]} 43. Bxd5 {[%clk 0:00:02]}  Kxd5 {[%clk 0:00:30]} 44. Ke3 {[%clk 0:00:03]}  b4 {[%clk 0:00:28]} 45. Nf7 {[%clk 0:00:02]}  Be6 {[%clk 0:00:27]} 46. Ng5 {[%clk 0:00:02]}  Bg8 {[%clk 0:00:27]} 47. Nf3 {[%clk 0:00:03]}  a5 {[%clk 0:00:20]} 48. g4 {[%clk 0:00:03]}  fxg4 {[%clk 0:00:19]} 49. hxg4 {[%clk 0:00:04]}  h5 {[%clk 0:00:18]} 50. gxh5 {[%clk 0:00:04]}  gxh5 {[%clk 0:00:18]} 51. Nh4 {[%clk 0:00:04]}  c3 {[%clk 0:00:17]} 52. bxc3 {[%clk 0:00:03]}  bxc3 {[%clk 0:00:18]} 53. Kd3 {[%clk 0:00:04]}  c2 {[%clk 0:00:18]} 54. Kxc2 {[%clk 0:00:04]}  Kxd4 {[%clk 0:00:19]} 55. Kb2 {[%clk 0:00:04]}  Ke4 {[%clk 0:00:19]} 56. f5 {[%clk 0:00:04]}  Kf4 {[%clk 0:00:18]} 57. f6 {[%clk 0:00:03]}  Kg5 {[%clk 0:00:17]} 58. Nf3+ {[%clk 0:00:03]}  Kxf6 {[%clk 0:00:18]} 59. Kc3 {[%clk 0:00:03]}  Bd5 {[%clk 0:00:18]} 60. Nh2 {[%clk 0:00:03]}  Bxa2 {[%clk 0:00:18]} 61. Kd4 {[%clk 0:00:03]}  Be6 {[%clk 0:00:18]} 62. Kc5 {[%clk 0:00:03]}  Ke5 {[%clk 0:00:17]} 63. Kb5 {[%clk 0:00:04]}  Kf4 {[%clk 0:00:17]} 64. Kxa5 {[%clk 0:00:04]}  Bh3 {[%clk 0:00:16]} 65. Kb4 {[%clk 0:00:03]}  Kg3 {[%clk 0:00:16]} 66. Kc3 {[%clk 0:00:03]}  Kxh2 {[%clk 0:00:16]} 0-1

[Event "April 9 Early 2024"]
[Site "Chess.com"]
[Date "2024.04.09"]
[Round "10"]
[White "Aliyev, Ravan"]
[Black "Puranik, Abhimanyu"]
[Result "0-1"]
[Board "32"]
[WhiteFideId "13409980"]
[BlackFideId "5061245"]
[WhiteTitle "FM"]
[BlackTitle "GM"]
[WhiteElo "2698"]
[BlackElo "2897"]
[WhiteTeam "AZE"]
[BlackTeam "IND"]
[WhiteClock "0:00:08"]
[BlackClock "0:00:39"]
[Variant "Standard"]

1. Nf3 {[%clk 0:03:00]}  Nf6 {[%clk 0:02:59]} 2. g3 {[%clk 0:03:01]}  b6 {[%clk 0:02:58]} 3. Bg2 {[%clk 0:03:01]}  Bb7 {[%clk 0:02:59]} 4. O-O {[%clk 0:03:02]}  c5 {[%clk 0:02:59]} 5. d3 {[%clk 0:03:02]}  d5 {[%clk 0:02:58]} 6. Nbd2 {[%clk 0:03:01]}  e6 {[%clk 0:02:59]} 7. Re1 {[%clk 0:02:49]}  Be7 {[%clk 0:02:58]} 8. e4 {[%clk 0:02:50]}  O-O {[%clk 0:02:51]} 9. e5 {[%clk 0:02:49]}  Nfd7 {[%clk 0:02:51]} 10. Nf1 {[%clk 0:02:50]}  Nc6 {[%clk 0:02:51]} 11. h4 {[%clk 0:02:50]}  Nd4 {[%clk 0:02:39]} 12. Bf4 {[%clk 0:02:47]}  Nxf3+ {[%clk 0:02:38]} 13. Bxf3 {[%clk 0:02:48]}  f6 {[%clk 0:02:26]} 14. exf6 {[%clk 0:02:46]}  Bxf6 {[%clk 0:02:26]} 15. Rxe6 {[%clk 0:02:42]}  Bxb2 {[%clk 0:02:26]} 16. Rb1 {[%clk 0:02:43]}  Bd4 {[%clk 0:02:23]} 17. Qe2 {[%clk 0:02:23]}  Nf6 {[%clk 0:01:41]} 18. Kg2 {[%clk 0:01:59]}  Qd7 {[%clk 0:01:30]} 19. Re7 {[%clk 0:01:55]}  Qc6 {[%clk 0:01:30]} 20. Rc7 {[%clk 0:01:33]}  Rae8 {[%clk 0:01:26]} 21. Qd2 {[%clk 0:01:32]}  Ne4 {[%clk 0:01:08]} 22. Bxe4 {[%clk 0:00:38]}  Qxc7 {[%clk 0:00:51]} 23. Bxc7 {[%clk 0:00:36]}  dxe4 {[%clk 0:00:51]} 24. Kg1 {[%clk 0:00:27]}  exd3 {[%clk 0:00:42]} 25. cxd3 {[%clk 0:00:27]}  Rxf2 {[%clk 0:00:41]} 26. Qxf2 {[%clk 0:00:25]}  Re2 {[%clk 0:00:41]} 27. Qxd4 {[%clk 0:00:21]}  Rg2+ {[%clk 0:00:40]} 28. Kh1 {[%clk 0:00:18]}  cxd4 {[%clk 0:00:40]} 29. Rb3 {[%clk 0:00:10]}  Rxa2+ {[%clk 0:00:38]} 30. Kg1 {[%clk 0:00:10]}  Rg2+ {[%clk 0:00:38]} 31. Kh1 {[%clk 0:00:08]}  Rb2+ {[%clk 0:00:39]} 0-1

[Event "April 9 Early 2024"]
[Site "Chess.com"]
[Date "2024.04.09"]
[Round "10"]
[White "Gelman, Alexander"]
[Black "Klukin, Kirill"]
[Result "1-0"]
[Board "36"]
[WhiteFideId "4118316"]
[BlackFideId "24199273"]
[WhiteTitle "IM"]
[BlackTitle "IM"]
[WhiteElo "2665"]
[BlackElo "2838"]
[WhiteTeam "RUS"]
[BlackTeam "RUS"]
[WhiteClock "0:00:07"]
[BlackClock "0:00:00"]
[Variant "Standard"]

1. d4 {[%clk 0:03:00]}  e6 {[%clk 0:02:58]} 2. Nc3 {[%clk 0:03:01]}  d5 {[%clk 0:02:58]} 3. Bf4 {[%clk 0:03:01]}  a6 {[%clk 0:02:57]} 4. e3 {[%clk 0:03:00]}  Nf6 {[%clk 0:02:57]} 5. g4 {[%clk 0:02:58]}  c5 {[%clk 0:02:57]} 6. g5 {[%clk 0:02:58]}  Nfd7 {[%clk 0:02:58]} 7. Nf3 {[%clk 0:02:58]}  Nc6 {[%clk 0:02:58]} 8. h4 {[%clk 0:02:58]}  b5 {[%clk 0:02:58]} 9. Bh3 {[%clk 0:02:58]}  Qb6 {[%clk 0:02:56]} 10. Ne2 {[%clk 0:02:58]}  a5 {[%clk 0:02:52]} 11. h5 {[%clk 0:02:58]}  g6 {[%clk 0:02:51]} 12. Bg4 {[%clk 0:02:57]}  Rg8 {[%clk 0:02:49]} 13. hxg6 {[%clk 0:02:57]}  hxg6 {[%clk 0:02:50]} 14. Rh7 {[%clk 0:02:45]}  b4 {[%clk 0:02:47]} 15. dxc5 {[%clk 0:02:39]}  Bxc5 {[%clk 0:02:46]} 16. Ned4 {[%clk 0:02:40]}  Nf8 {[%clk 0:02:41]} 17. Rh4 {[%clk 0:02:31]}  Ba6 {[%clk 0:02:36]} 18. Nxc6 {[%clk 0:02:19]}  Qxc6 {[%clk 0:02:35]} 19. Ne5 {[%clk 0:02:20]}  Qb5 {[%clk 0:02:31]} 20. Nd3 {[%clk 0:02:10]}  Nd7 {[%clk 0:02:26]} 21. Qf3 {[%clk 0:02:08]}  Qb6 {[%clk 0:02:07]} 22. Rh7 {[%clk 0:02:06]}  Rf8 {[%clk 0:02:05]} 23. O-O-O {[%clk 0:01:55]}  Bd6 {[%clk 0:01:56]} 24. e4 {[%clk 0:01:41]}  Bxd3 {[%clk 0:01:50]} 25. Rxd3 {[%clk 0:01:42]}  Nc5 {[%clk 0:01:42]} 26. Rd1 {[%clk 0:01:16]}  Bxf4+ {[%clk 0:01:26]} 27. Qxf4 {[%clk 0:01:16]}  Nxe4 {[%clk 0:01:24]} 28. f3 {[%clk 0:00:35]}  Nf2 {[%clk 0:01:21]} 29. Re1 {[%clk 0:00:17]}  Nxg4 {[%clk 0:01:19]} 30. fxg4 {[%clk 0:00:16]}  Rc8 {[%clk 0:01:06]} 31. Qf6 {[%clk 0:00:13]}  Qc6 {[%clk 0:00:49]} 32. Re2 {[%clk 0:00:13]}  Qd7 {[%clk 0:00:32]} 33. Rh8 {[%clk 0:00:10]}  Qe7 {[%clk 0:00:22]} 34. Rxf8+ {[%clk 0:00:08]}  Qxf8 {[%clk 0:00:23]} 35. Rh2 {[%clk 0:00:06]}  Kd7 {[%clk 0:00:08]} 36. Rh7 {[%clk 0:00:06]}  Kc6 {[%clk 0:00:03]} 37. Rxf7 {[%clk 0:00:06]}  Qd6 {[%clk 0:00:04]} 38. Re7 {[%clk 0:00:05]}  Kb5 {[%clk 0:00:03]} 39. Rxe6 {[%clk 0:00:05]}  Qc5 {[%clk 0:00:04]} 40. Qf1+ {[%clk 0:00:03]}  Qc4 {[%clk 0:00:04]} 41. Qf2 {[%clk 0:00:03]}  Rc5 {[%clk 0:00:02]} 42. b3 {[%clk 0:00:03]}  Qd4 {[%clk 0:00:02]} 43. Qe2+ {[%clk 0:00:04]}  Rc4 {[%clk 0:00:02]} 44. bxc4+ {[%clk 0:00:04]}  dxc4 {[%clk 0:00:02]} 45. Qe5+ {[%clk 0:00:05]}  Qxe5 {[%clk 0:00:03]} 46. Rxe5+ {[%clk 0:00:06]}  Ka4 {[%clk 0:00:04]} 47. Re6 {[%clk 0:00:07]}  Ka3 {[%clk 0:00:04]} 48. Rxg6 {[%clk 0:00:06]}  a4 {[%clk 0:00:05]} 49. Ra6 {[%clk 0:00:07]}  c3 {[%clk 0:00:00]} 50. g6 {[%clk 0:00:07]} 1-0

[Event "April 9 Early 2024"]
[Site "Chess.com"]
[Date "2024.04.09"]
[Round "10"]
[White "Bardyk, Artem"]
[Black "Williams, Simon K"]
[Result "1-0"]
[Board "37"]
[WhiteFideId "34349979"]
[BlackFideId "404454"]
[WhiteTitle "CM"]
[BlackTitle "GM"]
[WhiteElo "2837"]
[BlackElo "2657"]
[WhiteTeam "RUS"]
[BlackTeam "ENG"]
[WhiteClock "0:00:02"]
[BlackClock "0:00:00"]
[Variant "Standard"]

1. e4 {[%clk 0:03:00]}  e6 {[%clk 0:02:57]} 2. d4 {[%clk 0:03:00]}  d5 {[%clk 0:02:57]} 3. Nc3 {[%clk 0:03:00]}  Bb4 {[%clk 0:02:54]} 4. Ne2 {[%clk 0:02:59]}  Nc6 {[%clk 0:02:53]} 5. a3 {[%clk 0:02:59]}  Ba5 {[%clk 0:02:53]} 6. b4 {[%clk 0:02:59]}  Bb6 {[%clk 0:02:53]} 7. Bb2 {[%clk 0:03:00]}  Nf6 {[%clk 0:02:47]} 8. e5 {[%clk 0:02:55]}  Nd7 {[%clk 0:02:44]} 9. Na4 {[%clk 0:02:41]}  O-O {[%clk 0:02:42]} 10. Nf4 {[%clk 0:02:37]}  Qg5 {[%clk 0:02:25]} 11. g3 {[%clk 0:02:29]}  Qh6 {[%clk 0:01:27]} 12. Nxb6 {[%clk 0:02:12]}  Nxb6 {[%clk 0:01:26]} 13. Bc1 {[%clk 0:02:13]}  Qg5 {[%clk 0:01:21]} 14. Nxe6 {[%clk 0:02:04]}  Qg6 {[%clk 0:01:15]} 15. Nc5 {[%clk 0:01:50]}  Bf5 {[%clk 0:01:10]} 16. b5 {[%clk 0:01:00]}  Bxc2 {[%clk 0:01:06]} 17. Qd2 {[%clk 0:00:52]}  Be4 {[%clk 0:00:56]} 18. Bd3 {[%clk 0:00:26]}  Bxd3 {[%clk 0:00:35]} 19. bxc6 {[%clk 0:00:27]}  Be4 {[%clk 0:00:33]} 20. f3 {[%clk 0:00:22]}  Bxf3 {[%clk 0:00:22]} 21. O-O {[%clk 0:00:23]}  Be4 {[%clk 0:00:19]} 22. cxb7 {[%clk 0:00:23]}  Rab8 {[%clk 0:00:20]} 23. a4 {[%clk 0:00:20]}  Nc4 {[%clk 0:00:20]} 24. Qf4 {[%clk 0:00:19]}  f6 {[%clk 0:00:18]} 25. e6 {[%clk 0:00:17]}  Nd6 {[%clk 0:00:16]} 26. Ba3 {[%clk 0:00:10]}  Rfe8 {[%clk 0:00:16]} 27. Rac1 {[%clk 0:00:04]}  Nxb7 {[%clk 0:00:15]} 28. Na6 {[%clk 0:00:03]}  Rbc8 {[%clk 0:00:14]} 29. Rxc7 {[%clk 0:00:04]}  Rxc7 {[%clk 0:00:11]} 30. Qxc7 {[%clk 0:00:04]}  Nd8 {[%clk 0:00:10]} 31. Qd7 {[%clk 0:00:02]}  Nxe6 {[%clk 0:00:10]} 32. Rc1 {[%clk 0:00:02]}  Nxd4 {[%clk 0:00:09]} 33. Rc8 {[%clk 0:00:02]}  Ne2+ {[%clk 0:00:00]} 34. Kf2 {[%clk 0:00:02]} 1-0

[Event "April 9 Early 2024"]
[Site "Chess.com"]
[Date "2024.04.09"]
[Round "10"]
[White "Efimenko, Zahar"]
[Black "Shuvalov, Evgenij"]
[Result "1-0"]
[Board "41"]
[WhiteFideId "14107201"]
[BlackFideId "4187237"]
[WhiteTitle "GM"]
[WhiteElo "2766"]
[BlackElo "2638"]
[WhiteTeam "UKR"]
[BlackTeam "FID"]
[WhiteClock "0:00:41"]
[BlackClock "0:00:19"]
[Variant "Standard"]

1. e4 {[%clk 0:02:39]}  e6 {[%clk 0:02:59]} 2. d4 {[%clk 0:02:38]}  d5 {[%clk 0:03:00]} 3. e5 {[%clk 0:02:38]}  c5 {[%clk 0:03:00]} 4. c3 {[%clk 0:02:38]}  Nc6 {[%clk 0:03:00]} 5. Nf3 {[%clk 0:02:36]}  Qb6 {[%clk 0:03:01]} 6. Na3 {[%clk 0:02:36]}  cxd4 {[%clk 0:02:50]} 7. cxd4 {[%clk 0:02:35]}  Bd7 {[%clk 0:02:50]} 8. Nc2 {[%clk 0:02:28]}  Rc8 {[%clk 0:02:50]} 9. Bd3 {[%clk 0:02:27]}  Na5 {[%clk 0:02:50]} 10. O-O {[%clk 0:02:23]}  Bb5 {[%clk 0:02:49]} 11. b3 {[%clk 0:02:12]}  Ne7 {[%clk 0:02:44]} 12. Be3 {[%clk 0:02:06]}  Nf5 {[%clk 0:02:40]} 13. Qe2 {[%clk 0:02:05]}  Bxd3 {[%clk 0:02:38]} 14. Qxd3 {[%clk 0:02:05]}  Nc6 {[%clk 0:02:37]} 15. Rac1 {[%clk 0:01:52]}  Be7 {[%clk 0:02:33]} 16. Bd2 {[%clk 0:01:47]}  h5 {[%clk 0:02:26]} 17. b4 {[%clk 0:01:44]}  g6 {[%clk 0:01:54]} 18. a3 {[%clk 0:01:37]}  Kf8 {[%clk 0:01:53]} 19. Ne3 {[%clk 0:01:31]}  Kg7 {[%clk 0:01:39]} 20. Nxf5+ {[%clk 0:01:27]}  exf5 {[%clk 0:01:38]} 21. Rfe1 {[%clk 0:01:25]}  Nb8 {[%clk 0:01:31]} 22. h4 {[%clk 0:01:18]}  Nd7 {[%clk 0:01:22]} 23. Bg5 {[%clk 0:01:18]}  Qe6 {[%clk 0:01:17]} 24. Bxe7 {[%clk 0:01:14]}  Qxe7 {[%clk 0:01:18]} 25. Ng5 {[%clk 0:01:14]}  Nb6 {[%clk 0:01:12]} 26. Rc5 {[%clk 0:01:10]}  Rhd8 {[%clk 0:00:58]} 27. e6 {[%clk 0:01:02]}  f6 {[%clk 0:00:53]} 28. Nf7 {[%clk 0:01:02]}  Re8 {[%clk 0:00:51]} 29. Qe3 {[%clk 0:01:01]}  Qxf7 {[%clk 0:00:38]} 30. exf7 {[%clk 0:01:00]}  Rxe3 {[%clk 0:00:39]} 31. Rxe3 {[%clk 0:00:58]}  Kxf7 {[%clk 0:00:39]} 32. Rxc8 {[%clk 0:00:54]}  Nxc8 {[%clk 0:00:40]} 33. Rc3 {[%clk 0:00:54]}  Nd6 {[%clk 0:00:39]} 34. Rc7+ {[%clk 0:00:54]}  Ke6 {[%clk 0:00:39]} 35. f3 {[%clk 0:00:54]}  f4 {[%clk 0:00:39]} 36. Kf2 {[%clk 0:00:54]}  g5 {[%clk 0:00:36]} 37. a4 {[%clk 0:00:50]}  a6 {[%clk 0:00:34]} 38. a5 {[%clk 0:00:49]}  Kf5 {[%clk 0:00:30]} 39. Rh7 {[%clk 0:00:48]}  Kg6 {[%clk 0:00:20]} 40. Rd7 {[%clk 0:00:47]}  Nf5 {[%clk 0:00:20]} 41. Rxb7 {[%clk 0:00:44]}  Nxd4 {[%clk 0:00:19]} 42. b5 {[%clk 0:00:44]}  Nxb5 {[%clk 0:00:18]} 43. Rxb5 {[%clk 0:00:41]}  axb5 {[%clk 0:00:19]} 44. a6 {[%clk 0:00:42]}  b4 {[%clk 0:00:20]} 45. a7 {[%clk 0:00:42]}  b3 {[%clk 0:00:21]} 46. a8=Q {[%clk 0:00:42]}  b2 {[%clk 0:00:19]} 47. Qa2 {[%clk 0:00:41]} 1-0

[Event "April 9 Early 2024"]
[Site "Chess.com"]
[Date "2024.04.09"]
[Round "10"]
[White "Sielecki, Christof"]
[Black "Koellner, Ruben Gideon"]
[Result "0-1"]
[Board "43"]
[WhiteFideId "4620437"]
[BlackFideId "12993093"]
[WhiteTitle "IM"]
[BlackTitle "IM"]
[WhiteElo "2624"]
[BlackElo "2748"]
[WhiteTeam "GER"]
[BlackTeam "GER"]
[WhiteClock "0:00:00"]
[BlackClock "0:00:05"]
[Variant "Standard"]

1. d4 {[%clk 0:03:00]}  d6 {[%clk 0:02:44]} 2. g3 {[%clk 0:03:00]}  Nf6 {[%clk 0:02:43]} 3. Nf3 {[%clk 0:02:57]}  Nbd7 {[%clk 0:02:34]} 4. Bg2 {[%clk 0:02:56]}  e5 {[%clk 0:02:29]} 5. Nc3 {[%clk 0:02:56]}  Be7 {[%clk 0:02:29]} 6. O-O {[%clk 0:02:54]}  O-O {[%clk 0:02:29]} 7. dxe5 {[%clk 0:02:53]}  Nxe5 {[%clk 0:02:29]} 8. Nxe5 {[%clk 0:02:49]}  dxe5 {[%clk 0:02:30]} 9. h3 {[%clk 0:02:40]}  c6 {[%clk 0:02:29]} 10. Qxd8 {[%clk 0:02:38]}  Rxd8 {[%clk 0:02:28]} 11. Be3 {[%clk 0:02:38]}  Bf5 {[%clk 0:02:22]} 12. Rfc1 {[%clk 0:02:26]}  Bb4 {[%clk 0:02:08]} 13. g4 {[%clk 0:02:14]}  Bg6 {[%clk 0:02:07]} 14. g5 {[%clk 0:02:11]}  Bxc3 {[%clk 0:01:56]} 15. bxc3 {[%clk 0:02:11]}  Nd5 {[%clk 0:01:57]} 16. Bxd5 {[%clk 0:02:02]}  cxd5 {[%clk 0:01:58]} 17. f4 {[%clk 0:02:02]}  Rdc8 {[%clk 0:01:31]} 18. fxe5 {[%clk 0:01:49]}  Rxc3 {[%clk 0:01:30]} 19. Kf2 {[%clk 0:01:45]}  Bxc2 {[%clk 0:01:19]} 20. Bd4 {[%clk 0:01:32]}  Rc4 {[%clk 0:01:18]} 21. e3 {[%clk 0:01:30]}  b6 {[%clk 0:01:18]} 22. Ke2 {[%clk 0:01:25]}  Rac8 {[%clk 0:01:17]} 23. Kd2 {[%clk 0:01:26]}  Bf5 {[%clk 0:01:15]} 24. Rxc4 {[%clk 0:01:01]}  Rxc4 {[%clk 0:01:16]} 25. a4 {[%clk 0:00:55]}  Rc2+ {[%clk 0:01:12]} 26. Ke1 {[%clk 0:00:55]}  Rh2 {[%clk 0:01:10]} 27. Ra3 {[%clk 0:00:44]}  Rxh3 {[%clk 0:00:30]} 28. a5 {[%clk 0:00:43]}  h6 {[%clk 0:00:28]} 29. axb6 {[%clk 0:00:37]}  axb6 {[%clk 0:00:29]} 30. gxh6 {[%clk 0:00:37]}  Rxh6 {[%clk 0:00:29]} 31. Rb3 {[%clk 0:00:33]}  Rh1+ {[%clk 0:00:22]} 32. Kf2 {[%clk 0:00:32]}  Kh7 {[%clk 0:00:20]} 33. Rxb6 {[%clk 0:00:32]}  Be6 {[%clk 0:00:20]} 34. Kg2 {[%clk 0:00:29]}  Rh5 {[%clk 0:00:19]} 35. Rb2 {[%clk 0:00:27]}  Kg6 {[%clk 0:00:19]} 36. Rf2 {[%clk 0:00:27]}  Rg5+ {[%clk 0:00:16]} 37. Kh2 {[%clk 0:00:25]}  Rh5+ {[%clk 0:00:16]} 38. Kg2 {[%clk 0:00:26]}  Bf5 {[%clk 0:00:13]} 39. Kg3 {[%clk 0:00:22]}  Rh3+ {[%clk 0:00:11]} 40. Kf4 {[%clk 0:00:21]}  Rh4+ {[%clk 0:00:11]} 41. Kg3 {[%clk 0:00:21]}  Rg4+ {[%clk 0:00:11]} 42. Kf3 {[%clk 0:00:20]}  Kg5 {[%clk 0:00:08]} 43. Ke2 {[%clk 0:00:19]}  Kg6 {[%clk 0:00:05]} 44. Kf3 {[%clk 0:00:18]}  Rg5 {[%clk 0:00:05]} 45. Ke2 {[%clk 0:00:14]}  Bg4+ {[%clk 0:00:04]} 46. Kd2 {[%clk 0:00:14]}  Be6 {[%clk 0:00:05]} 47. Ke2 {[%clk 0:00:14]}  Rh5 {[%clk 0:00:04]} 48. Kf3 {[%clk 0:00:13]}  Kf5 {[%clk 0:00:03]} 49. Ke2+ {[%clk 0:00:12]}  Kg5 {[%clk 0:00:03]} 50. Rg2+ {[%clk 0:00:12]}  Bg4+ {[%clk 0:00:03]} 51. Kd3 {[%clk 0:00:12]}  Kf5 {[%clk 0:00:04]} 52. Rf2+ {[%clk 0:00:12]}  Ke6 {[%clk 0:00:04]} 53. Rg2 {[%clk 0:00:10]}  Bf5+ {[%clk 0:00:04]} 54. Ke2 {[%clk 0:00:10]}  g5 {[%clk 0:00:04]} 55. Kf3 {[%clk 0:00:08]}  Be4+ {[%clk 0:00:04]} 56. Kg4 {[%clk 0:00:06]}  Bxg2 {[%clk 0:00:04]} 57. Kxh5 {[%clk 0:00:00]}  Kf5 {[%clk 0:00:05]} 0-1